00543nam a2200169Ia 4500001001000000003000500010008004100015010001100056040000900067082002200076111007500098245006600173260003900239300001100278650003100289710005300320Para_4174CHAP220125s1991 xx 000 0 und d a202591 cCHAP aPA 632.58 C6 1991 aCongreso Nacional de la Ciencia de la Maleza (12:1991: Acapulco, Gro.) aMemorias /c Asociación Mexicana de la Ciencia de la Maleza aAcapulco, Gro. :b La Asociación a159 p. aMalas hierbas x congresos aAsociación Mexicana de la Ciencia de la Maleza